| 000 | 00518 a2200181 4500 | ||
|---|---|---|---|
| 999 |
_c41491 _d41491 |
||
| 003 | OSt | ||
| 005 | 20220723130242.0 | ||
| 008 | 220723b ||||| |||| 00| 0 eng d | ||
| 020 | _a9788195175574 | ||
| 040 | _coclc | ||
| 082 |
_a641.1 _bSRI/N |
||
| 100 |
_94252 _aSrilakshmi, B |
||
| 245 |
_aNutrition science / _c B Srilakshmi |
||
| 250 | _a7th ed. | ||
| 260 |
_aNew Delhi: _bNew age international publishers, _c2022. |
||
| 300 | _a506 pages | ||
| 942 |
_2ddc _cBK _h641.1 _iSRI/N _k641.1 _mSRI/N |
||